02279agaaa2200301 45000010005000000030009000050050017000140070009000310080040000400400023000800410013001031000048001161300018001642450196001822500022003782600119004003000034005195080232005535110090007855200751008755380016016265460013016426500078016557000059017337000059017927000066018517000060019177060IT-RoPAU20220918181229.0d cvaizq50131s9999||||xx ||| | || ||und|| aIT-RoPAUcIT-RoPAU aITALIANO aSollima SergiogCodice regista SPICS: 30774 aPASSI D'AMORE aPASSI D'AMOREcProdotto da: Mazza' Alfredo -- Sceneggiatura: Buzzo Silvana Di Geronimo Bruno Verucci Franco -- Diretto da: Sollima SergiopPASSI D'AMORE (Rif. Codice opera principale : 87060) aEdizione Standard aROMA - PARIGI (ITALIA)bRAIUNO - TELECIP / Distribuzione: RAI UNOg"1989 (1° ed.: 1990 ; Ed. Lingua Orig.: 1989)" aVHSbsonoro, col.c200 minuti a"Fotografia: Di Battista Giorgio; Montaggio: Cersosimo Giancarlo; Musica: De Angelis Guido; Sceneggiatura: Buzzo Silvana Di Geronimo Bruno Verucci Franco; Scenografia: Narducci Maurizia; Soggetto: Casa Marzio -- Pavignano Anna" a"Martinez Alessandra; Olbrychski Daniel; Dalric Jean; Gazzolo Matteo; Saraceni Laura" aLISA UNA TRANQUILLA RAGAZZA VENETA LASCIA LA SUA FAMIGLIA PER TRASFERIRSI A MILANO DOVE FREQUENTERA' L'ULTIMO ANNO DELLA SCUOLA DI BALLO DELLA SCALA LISA SCOPRE BEN PRESTO LA COMPETIZIONE CHE REGNA ALL'INTERNO DELLA SCUOLA DELLE OTTO RAGAZZE DEL CORSO SOLTANTO UNA DIVENTERA' UNA ETOILE ANDREJ UN GRANDE COREOGRAFO RUSSO SI ACCORGE DEL TALENTO DI LISA MA TUTTO PRECIPITA LA RAGAZZA E' INCINTA E DEVE RINUNCIARE AI SUOI SOGNI LISA ACCETTA LA GRAVIDANZA FRUTTO DI UN RAPPORTO OCCASIONALE CON STEFANO DARIO GIOVANE MUSICISTA LERESTITUISCE FIDUCIA NELLA VITA E' UN AMORE TENERO INSIDIATO DAL COREOGRAFORUSSO ANDREJ CHE HA PER LISA UN INTERESSE NON SOLO PROFESSIONALE L'OCCASIONE PER DIVENTARE UNA GRANDE STELLA E' ANCORA VICINA MA LISA DEVE SCEGLIERE aPAL, STEREO aITALIANO aSENTIMENTALEeTV-SCENEGGIATI E TELEFILM [VHS]xCodice MATERIA SPICS: 9966 aCasa Marzio e(soggetto)gCodice Soggetto SPICS: 30772 aDe Angelis Guidoe(musica)gCodice Musica SPICS: 10854 aPavignano Anna e(soggetto)gCodice Soggetto 2° SPICS: 30773 aSollima Sergio e(regista)gCodice regista SPICS: 30774